| 000 | 00392cam a2200169ua 4500 | ||
|---|---|---|---|
| 020 | _c1.00 | ||
| 041 |
_amal _h |
||
| 082 |
_a894.8121 _bJOS/OR |
||
| 100 | _aJoseph, C.A . | ||
| 245 |
_aOru kattilinte athmagatham / _cC.A Joseph. _hTextual Documents |
||
| 260 |
_a : _bC.A Joseph , _c1960. |
||
| 300 | _a56 ; . | ||
| 365 | _a1.00 | ||
| 504 | _a | ||
| 942 | _cBK | ||
| 999 |
_c4818 _d4818 |
||